000 01016nam0a22002411 4500
001 rc\407013
005 20250621074050.0
035 _a(NLR Aleph) 005655341
090 _a6815718
_c6815718
100 _a20030616d1987 |||y0rusy50 ca
101 0 _arus
102 _aRU
105 _aa |||||||||
200 1 _aАвтоматизированное проектирование конструкций летательных аппаратов и их элементов
_eТемат. сб. науч. тр.
_fМ-во высш. и сред. спец. образования СССР, Моск. авиац. ин-т им. Серго Орджоникидзе
_g[Редкол.: д. т. н., проф. И.Т. Беляков (пред.) и др.]
210 _aМ.
_cМАИ
_d1987
215 _a62 с.
_cил.
_d20
320 _aБиблиогр. в конце ст.
333 _aДСП. Экз. № 000004
801 0 _aRU
_bNLR
_gpsbo
801 1 _aRU
_bELAR
_2rusmarc
852 _aNLR
_j88-50К/8013
942 _cBOOK
980 _aNB